Fr. Conceicao Rodrigues College of Engineering

The Six Pillars of Self esteem (Record no. 25550)

MARC details
000 -LEADER
fixed length control field 00333nam a2200145Ia 4500
082 ## - DEWEY DECIMAL CLASSIFICATION NUMBER
Classification number 158.1
Item number BRA
100 ## - MAIN ENTRY--PERSONAL NAME
Personal name Branden Nathaniel
245 ## - TITLE STATEMENT
Title The Six Pillars of Self esteem
260 ## - PUBLICATION, DISTRIBUTION, ETC.
Name of publisher, distributor, etc. Bantam
Place of publication, distribution, etc. New york
Date of publication, distribution, etc. 1994
300 ## - PHYSICAL DESCRIPTION
Extent 341
546 ## - LANGUAGE NOTE
Language note ENGLISH
654 ## - SUBJECT ADDED ENTRY--FACETED TOPICAL TERMS
Focus term Six pillars of self esteem
942 ## - ADDED ENTRY ELEMENTS (KOHA)
Koha item type BOOK
Holdings
Withdrawn status Lost status Damaged status Not for loan Collection Home library Current library Date acquired Total Checkouts Full call number Barcode Date last seen Price effective from Koha item type
        CRC Fr. Agnel's C.Rodrigues College of Engineering Fr. Agnel's C.Rodrigues College of Engineering 17/03/2023   158.1 BRA 9084 17/03/2023 17/03/2023 BOOK